Satellite country maps. - Statistics

General Stats
  • This quiz has been taken 29 times
  • The average score is 10 of 12
Answer Stats
Picture Answer % Correct
UK
96%
Egypt
92%
Mexico
92%
South Korea
92%
India
84%
New Zealand
84%
Saudi Arabia
84%
Finland
80%
Panama
80%
Thailand
80%
Madagascar
76%
Poland
44%
No matching quizzes found
Score Distribution
Percent of People with Each Score
Percentile by Number Answered
Your Score History
You have not taken this quiz